\

Engineering Ethics: (Record no. 30410)

MARC details
000 -LEADER
fixed length control field 02109nam a2200385Ia 4500
003 - CONTROL NUMBER IDENTIFIER
control field OSt
005 - DATE AND TIME OF LATEST TRANSACTION
control field 20260217114945.0
008 - FIXED-LENGTH DATA ELEMENTS--GENERAL INFORMATION
fixed length control field 26011722019 nyu |||||||| |||| eng 0 eng d
020 ## - INTERNATIONAL STANDARD BOOK NUMBER
International Standard Book Number 9781337554503
040 ## - CATALOGING SOURCE
Original cataloging agency aue
Language of cataloging eng
Transcribing agency aue
Description conventions rda
041 ## - LANGUAGE CODE
Language code of text/sound track or separate title eng
050 #0 - LIBRARY OF CONGRESS CALL NUMBER
Classification number TA157
Item number .H37 2019
100 1# - MAIN ENTRY--PERSONAL NAME
Personal name Charles E. Harris Jr.
245 10 - TITLE STATEMENT
Title Engineering Ethics:
Remainder of title Concepts and Cases/
Statement of responsibility, etc. Charles E. Harris Jr., Michael S. Pritchard, Michael J. Rabins, Ray James, Elaine Englehardt.
250 ## - EDITION STATEMENT
Edition statement Sixth edition.
260 ## - PUBLICATION, DISTRIBUTION, ETC.
Date of publication, distribution, etc. 2018
264 #1 - PRODUCTION, PUBLICATION, DISTRIBUTION, MANUFACTURE, AND COPYRIGHT NOTICE
Place of production, publication, distribution, manufacture Boston, MA:
Name of producer, publisher, distributor, manufacturer Cengage,
Date of production, publication, distribution, manufacture, or copyright notice 2019.
300 ## - PHYSICAL DESCRIPTION
Extent 291 pages,
Other physical details illustrations ;
Dimensions 24 cm.
336 ## - CONTENT TYPE
Source rdacontent
Content type term text
Content type code txt
337 ## - MEDIA TYPE
Source rdamedia
Media type term unmediated
Media type code n
338 ## - CARRIER TYPE
Source rdacarrier
Carrier type term volume
Carrier type code nc
504 ## - BIBLIOGRAPHY, ETC. NOTE
Bibliography, etc. note Includes bibliographical references and index.
520 ## - SUMMARY, ETC.
Summary, etc. Successful engineers need more than strong technical skills; they also need a rock-solid ethical foundation. ENGINEERING ETHICS, Sixth Edition, equips you with the tools for the highest ethical standards and practice. It helps you understand the importance of your conduct as a future professional engineer and shows how your actions can affect the health, safety and welfare of the public and environment. Packed with examples of engineering achievements and failures, it offers intriguing case studies to give you hands-on experience grappling with modern-day ethical dilemmas, and a proven method for analysis walks you step by step through ethical problem-solving techniques. It emphasizes practical application of the Engineering Code of Ethics, sustainability and economic development, risk management, globalized standards for engineering and future challenges relating to evolving technology.
650 #0 - SUBJECT ADDED ENTRY--TOPICAL TERM
Topical term or geographic name entry element Engineering.
650 #0 - SUBJECT ADDED ENTRY--TOPICAL TERM
Topical term or geographic name entry element Engineering ethics.
650 #0 - SUBJECT ADDED ENTRY--TOPICAL TERM
Topical term or geographic name entry element Engineering
General subdivision Moral and ethical aspects.
650 #0 - SUBJECT ADDED ENTRY--TOPICAL TERM
Topical term or geographic name entry element Global Context
General subdivision Engineering.
650 #0 - SUBJECT ADDED ENTRY--TOPICAL TERM
Topical term or geographic name entry element Environment
General subdivision Engineering.
700 ## - ADDED ENTRY--PERSONAL NAME
Personal name Michael S. Pritchard
700 ## - ADDED ENTRY--PERSONAL NAME
Personal name Michael J. Rabins
700 ## - ADDED ENTRY--PERSONAL NAME
Personal name Ray W. James
700 ## - ADDED ENTRY--PERSONAL NAME
Personal name Elaine E. Englehardt
942 ## - ADDED ENTRY ELEMENTS (KOHA)
Koha item type Books
Source of classification or shelving scheme Library of Congress Classification
Suppress in OPAC No
Holdings
Withdrawn status Lost status Source of classification or shelving scheme Damaged status Not for loan Collection Home library Current library Date acquired Cost, normal purchase price Total checkouts Full call number Barcode Date last seen Price effective from Koha item type
    Library of Congress Classification     College of Design (CDES) MAIN MAIN 01/17/2026 292.00   TA157 .H37 2019 0000093 01/17/2026 01/17/2026 Books